000 00550nam a22001817a 4500
005 20251108165213.0
008 250721s1994 xx 000 0 ara d
082 1 4 _a332.3/كام
100 1 _aبكري، كامل
245 1 0 _aالتمويل الدولي /
246 1 1 _aInternational Finance
264 1 _aالإسكندرية :
_bمؤسسة شباب الجامعة للطباعة و النشر،
_c1994.
300 _a338ص
650 1 7 _aالتمويل
650 1 7 _aصندوق النقد الدولي
942 _2ddc
_cBK
999 _c22062
_d22062